| 000 | 00347 a2200133 4500 | ||
|---|---|---|---|
| 003 | OSt | ||
| 005 | 20180116182703.0 | ||
| 008 | 160428b xxu||||| |||| 00| 0 eng d | ||
| 040 | _c0 | ||
| 100 | _aBenazie Bhutto | ||
| 245 | _aReconciliation Islam,democracy,and the West. | ||
| 260 |
_aSimon London _c2008 |
||
| 942 |
_aNBS _cBK _k954.91052092 BHU _2ddc |
||
| 999 |
_c344072 _d344072 |
||